000
00285nam a2200121Ia 4500
005
20251222155203.0
008
251222s9999||||xx |||||||||||||| ||spa||
082
_a
REL.106
100
_a
PIERES Ameli.
245
0
_a
Siervo de Dios Padre Luis Tezza
264
_b
No tiene
942
_c
LIB
999
_c
40000
_d
40000